| 000 | 00459nam a2200157 i 4500 | ||
|---|---|---|---|
| 001 | 31290 | ||
| 003 | ES-MaACL | ||
| 007 | t| | ||
| 008 | 030128s1970 mx ||||1| spa d | ||
| 100 | 1 |
_aBenavides, Rodolfo. _927455 |
|
| 245 | 1 | 0 |
_aRumbos humanos _b: (Memorias de un espíritu) / _cRodolfo Benavides. |
| 250 | _a4ª ed. rev. | ||
| 260 |
_aMéxico : _bEditores mexicanos unidos, _c1970. |
||
| 300 |
_a390 p. ; _c20 cm. |
||
| 852 |
_aES-MaACL _jE-9768 _bR.93988 |
||
| 999 |
_c31290 _d31290 |
||